Hearing on National Defense Authorization Act for Fiscal Year 2006 and oversight of previously authorized programs before the Committee on Armed Services, House of Representatives, One Hundred Ninth Congress, first session : Projection Forces Subcommittee hearing on Navy research and development : programs in support of the War on Terrorism, naval transportation, and future naval capabilities, hearing held March 2, 2005.

Bibliographic Details
Corporate Authors: United States. Congress. House. Committee on Armed Services. Projection Forces Subcommittee, ProQuest (Firm)
Format: eBook
Language:English
Published: Washington : U.S. G.P.O. : 2006.
Series:U.S. Congressional Hearings.
Subjects:
Online Access:Connect to the full text of this electronic book

MARC

Tag First Indicator Second Indicator Subfields
LEADER 00000cam a22000001a 4500
001 in00003284621
006 m d f
007 cr bn mmmapmmp
008 110909s2006 dcu o f000 0 eng d
005 20260511211436.1
035 |a chdc200600085 
040 |a ProQuest  |c ProQuest  |d UtOrBLW 
043 |a n-us--- 
074 |a 1012-C-01 
074 |a 1012-D-01 (MF) 
088 |a H.A.S.C. no. 109-25 
099 |a HRG-2005-ASH-0002 
110 1 |a United States.  |b Congress.  |b House.  |b Committee on Armed Services.  |b Projection Forces Subcommittee. 
245 1 0 |a Hearing on National Defense Authorization Act for Fiscal Year 2006 and oversight of previously authorized programs before the Committee on Armed Services, House of Representatives, One Hundred Ninth Congress, first session :  |b Projection Forces Subcommittee hearing on Navy research and development : programs in support of the War on Terrorism, naval transportation, and future naval capabilities, hearing held March 2, 2005. 
246 3 0 |a Navy research and development :  |b programs in support of the War on Terrorism, naval transportation, and future naval capabilities 
246 3 0 |a Programs in support of the War on Terrorism, naval transportation, and future naval capabilities 
246 1 6 |a Fiscal year 2006 National Defense Authorization Act--Navy research and development :  |b programs in support of the War on Terrorism, naval transportation, and future naval capabilities 
264 1 |a Washington :  |b U.S. G.P.O. :  |c 2006. 
264 2 |a Washington :  |b For sale by the Supt. of Docs., U.S. G.P.O., 
300 |a 1 online resource. 
336 |a text  |b txt  |2 rdacontent 
337 |a computer  |b c  |2 rdamedia 
338 |a online resource  |b cr  |2 rdacarrier 
500 |a Shipping list number: 2007-0030-P. 
500 |a Distributed to some depository libraries in microfiche. 
500 |a "H.A.S.C. number 109-25." 
500 |a Reuse of record except for individual research requires license from ProQuest, LLC. 
500 |a Electronic resource. 
538 |a System requirements: PDF reader software. 
610 1 0 |a United States.  |b Navy  |x Appropriations and expenditures. 
610 1 0 |a United States.  |b Navy  |x Procurement. 
610 1 0 |a United States.  |b Navy  |x Reorganization. 
610 1 0 |a United States.  |b Navy  |x Research. 
650 0 |a War on Terrorism, 2001-2009. 
655 7 |a Electronic books.  |2 local 
710 2 |a ProQuest (Firm) 
776 0 8 |i Print version:   |a United States.Congress.House.Committee on Armed Services.Projection Forces Subcommittee.  |t Hearing on National Defense Authorization Act for Fiscal Year 2006 and oversight of previously authorized programs before the Committee on Armed Services, House of Representatives, One Hundred Ninth Congress, first session  |w (DLC)2006470470  |w (OCoLC)ocm74275644  |w (OCoLC)74275644  |z 0160772915  |z 9780160772917 
776 0 8 |i Microfiche version:   |a United States.Congress.House.Committee on Armed Services.Projection Forces Subcommittee.  |t Hearing on National Defense Authorization Act for Fiscal Year 2006 and oversight of previously authorized programs before the Committee on Armed Services, House of Representatives, One Hundred Ninth Congress, first session  |d [Bethesda, Md.] : ProQuest LLC, [2004]  |o CIS 2006 H201-38  |w (ProQuest)cis00600121 
830 0 |a U.S. Congressional Hearings. 
856 4 0 |u http://proxy.library.tamu.edu/login?url=https://congressional.proquest.com/congcomp/getdoc?HEARING-ID=HRG-2005-ASH-0002  |z Connect to the full text of this electronic book  |t 0 
998 |a cis00600121 
999 |a MARS 
999 f f |s 25842841-0f98-3489-8c58-b863403acc66  |i a24024bc-c3a5-3709-959d-8c241caec9fe  |t 0 
952 f f |a Texas A&M University  |b College Station  |c Electronic Resources  |s www_evans  |d Available Online  |t 0  |e HRG-2005-ASH-0002  |h Other scheme 
998 f f |a HRG-2005-ASH-0002  |t 0  |l Available Online